[Event "48th TCh-GRE 2021"]
[Site "Athens GRE"]
[Date "2021.09.11"]
[Round "6.6"]
[White "Poupalos, Ionas"]
[Black "Tampakis, Vasileios"]
[Result "0-1"]
[WhiteElo "1062"]
[BlackElo "1473"]
[PlyCount "54"]
[EventDate "2021.09.07"]
[EventType "team"]
[EventRounds "7"]
[EventCountry "GRE"]
[SourceTitle "The Week in Chess 1401"]
[Source "Mark Crowther"]
[SourceDate "2021.09.13"]
[SourceVersion "1"]
[SourceVersionDate "2021.09.13"]
[SourceQuality "2"]
[WhiteTeam "AS PAPAGOU"]
[BlackTeam "SO KALLYTHEAS"]

1. e4 e5 2. Nf3 Nc6 3. c3 Nf6 4. d4 Nxe4 5. d5 Bc5 6. dxc6 Bxf2+ 7. Ke2 bxc6 8.
Nbd2 Ba6+ 9. c4 Nxd2 10. Bxd2 Bb6 11. Qc2 Qe7 12. Re1 O-O-O 13. Kd1 d6 14. Bd3
f6 15. Bxh7 d5 16. Qf5+ Kb8 17. cxd5 Rxd5 18. Qc2 Rxh7 19. Qxh7 Bd3 20. Qh4 Qc5
21. Bc3 Bf5+ 22. Kc1 Ba5 23. Rd1 Qe3+ 24. Nd2 Bxc3 25. Qe1 Bxd2+ 26. Rxd2 Rc5+
27. Kd1 Bg4+ 0-1

[Event "Titled Tuesday 7th Sept"]
[Site "chess.com INT"]
[Date "2021.09.07"]
[Round "8"]
[White "Poormosavi, Seyed Kian"]
[Black "Timmermans, M."]
[Result "0-1"]
[WhiteElo "2255"]
[BlackElo "2385"]
[PlyCount "106"]
[EventDate "2021.09.07"]
[EventType "swiss (blitz)"]
[EventRounds "11"]
[SourceTitle "The Week in Chess 1401"]
[Source "Mark Crowther"]
[SourceDate "2021.09.13"]
[SourceVersion "1"]
[SourceVersionDate "2021.09.13"]
[SourceQuality "2"]

1. e4 e5 2. Nf3 Nc6 3. c3 f5 4. d4 fxe4 5. Nxe5 Nf6 6. Nd2 d6 7. Nxc6 bxc6 8.
f3 Qe7 9. Be2 exf3 10. Nxf3 Ba6 11. Kf1 Bxe2+ 12. Qxe2 Kd7 13. Bg5 Qxe2+ 14.
Kxe2 Be7 15. Bxf6 Bxf6 16. Kd3 a5 17. b3 Rab8 18. Rhf1 Rb5 19. g4 h6 20. h4 Re8
21. Rae1 Rxe1 22. Rxe1 a4 23. b4 g6 24. a3 h5 25. c4 Rb8 26. gxh5 gxh5 27. Rg1
Ke6 28. Ke4 d5+ 29. cxd5+ cxd5+ 30. Ke3 Kf5 31. Rc1 Re8+ 32. Kf2 Re7 33. Rc6
Bg7 34. b5 Ke4 35. Ra6 Bxd4+ 36. Nxd4 Kxd4 37. Rxa4+ Kc3 38. Ra6 d4 39. Rc6+
Kb3 40. b6 cxb6 41. Rxb6+ Kc2 42. Rc6+ Kd2 43. a4 d3 44. Kf3 Rf7+ 45. Ke4 Ke2
46. a5 Ra7 47. Kf4 d2 48. Re6+ Kd1 49. Re5 Rd7 50. Kg5 Kc1 51. Rc5+ Kb1 52.
Rb5+ Ka1 53. Rb4 d1=Q 0-1

[Event "IV Concello de Carballo"]
[Site "Carballo ESP"]
[Date "2021.09.04"]
[Round "4.4"]
[White "Casares Ripoll, F."]
[Black "De Paz Sanmartin, J."]
[Result "1/2-1/2"]
[WhiteElo "2063"]
[BlackElo "1759"]
[PlyCount "55"]
[EventDate "2021.09.01"]
[EventType "swiss"]
[EventRounds "9"]
[EventCountry "ESP"]
[SourceTitle "The Week in Chess 1400"]
[Source "Mark Crowther"]
[SourceDate "2021.09.06"]
[SourceVersion "1"]
[SourceVersionDate "2021.09.06"]
[SourceQuality "2"]

1. e4 e5 2. Nf3 Nc6 3. c3 Nf6 4. d4 d5 5. Bb5 exd4 6. e5 Ne4 7. Nxd4 Bd7 8.
Bxc6 bxc6 9. O-O Be7 10. Be3 O-O 11. Nd2 c5 12. N4b3 Nxd2 13. Qxd2 c4 14. Nc5
Bf5 15. b4 cxb3 16. axb3 a5 17. Nb7 Qd7 18. Nxa5 c5 19. b4 cxb4 20. cxb4 Qb5
21. Rfd1 Bxb4 22. Qb2 Rxa5 23. Rxa5 Qxa5 24. Ra1 Qb5 25. Bd2 Rb8 26. Qxb4 Qxb4
27. Bxb4 h5 28. Bc3 1/2-1/2

[Event "Titled Tuesday 31st Aug"]
[Site "chess.com INT"]
[Date "2021.08.31"]
[Round "10"]
[White "Gottstein, C."]
[Black "Andrzejewska, A."]
[Result "1-0"]
[WhiteElo "2113"]
[BlackElo "1948"]
[PlyCount "117"]
[EventDate "2021.08.31"]
[EventType "swiss (blitz)"]
[EventRounds "11"]
[SourceTitle "The Week in Chess 1400"]
[Source "Mark Crowther"]
[SourceDate "2021.09.06"]
[SourceVersion "1"]
[SourceVersionDate "2021.09.06"]
[SourceQuality "2"]

1. e4 e5 2. Nf3 Nc6 3. c3 d5 4. Qa4 dxe4 5. Nxe5 Bd7 6. Nxd7 Qxd7 7. Qxe4+ Qe7
8. Qxe7+ Bxe7 9. Bb5 Nf6 10. O-O O-O 11. Bxc6 bxc6 12. d4 Bd6 13. Nd2 c5 14.
dxc5 Bxc5 15. Nb3 Bd6 16. Be3 a5 17. Bc5 a4 18. Bxd6 axb3 19. Bxf8 Kxf8 20.
axb3 Rb8 21. b4 Nd5 22. Rfd1 Nb6 23. Rd4 Ke7 24. Ra7 Rc8 25. g3 f6 26. Kg2 Nd7
27. Rc4 Kd6 28. Ra5 Ne5 29. Rd4+ Ke7 30. Re4 Kf7 31. Rexe5 fxe5 32. Rxe5 Kf6
33. Rc5 Ke6 34. f4 Kd6 35. Rc4 Re8 36. Kf2 Ra8 37. Rd4+ Ke7 38. Ke3 Ra2 39. Rd2
Ra1 40. Kd4 Re1 41. Kc5 Re6 42. c4 g6 43. b5 h5 44. Kb4 Re4 45. b3 Ke6 46. Ka5
Re3 47. Rb2 Kd6 48. b6 cxb6+ 49. Kxb6 Re8 50. c5+ Kd5 51. Rd2+ Ke6 52. Kb5 Rb8+
53. Kc4 Ke7 54. b4 Ke6 55. b5 Ke7 56. c6 Ke6 57. Kc5 Ke7 58. c7 Rc8 59. Kc6 1-0

[Event "Youth World Cup U16 KO"]
[Site "Tornelo INT"]
[Date "2021.08.26"]
[Round "1.2"]
[White "Yoo, Christopher Woojin"]
[Black "De Silva, L M S T."]
[Result "1-0"]
[WhiteElo "2466"]
[BlackElo "2085"]
[PlyCount "59"]
[EventDate "2021.08.26"]
[EventType "k.o. (rapid)"]
[EventRounds "4"]
[SourceTitle "The Week in Chess 1399"]
[Source "Mark Crowther"]
[SourceDate "2021.08.30"]
[SourceVersion "3"]
[SourceVersionDate "2021.09.07"]
[SourceQuality "2"]

1. e4 e5 2. Nf3 Nc6 3. c3 d5 4. Qa4 dxe4 5. Nxe5 Qd5 6. Nxc6 bxc6 7. Bc4 Qd6 8.
d3 exd3 9. Bxd3 Nf6 10. O-O Be7 11. Rd1 Nd5 12. Be4 Bd7 13. c4 Nb6 14. Qc2 Qe6
15. Nd2 f5 16. Bd3 O-O 17. b3 c5 18. Bb2 Bc6 19. Nf1 Qf7 20. Re1 Bd6 21. Ng3
Bd7 22. Be2 Be6 23. Nh5 Qg6 24. Nxg7 Bf7 25. Bd3 Qh6 26. h3 Bg6 27. Nxf5 Rxf5
28. Bxf5 Qf4 29. Bxg6 Qh2+ 30. Kf1 1-0

[Event "Skalica Open 2021"]
[Site "Skalica SVK"]
[Date "2021.08.25"]
[Round "5.30"]
[White "Farkas, Renata"]
[Black "Sosovickova, Jana"]
[Result "0-1"]
[WhiteElo "1937"]
[BlackElo "1827"]
[PlyCount "46"]
[EventDate "2021.08.21"]
[EventType "swiss"]
[EventRounds "9"]
[EventCountry "SVK"]
[SourceTitle "The Week in Chess 1399"]
[Source "Mark Crowther"]
[SourceDate "2021.08.30"]
[SourceVersion "3"]
[SourceVersionDate "2021.09.07"]
[SourceQuality "2"]

1. e4 e5 2. Nf3 Nc6 3. c3 d5 4. Qa4 f6 5. d3 Be6 6. Be2 Qd7 7. O-O d4 8. Nbd2
Nge7 9. Nb3 Nc8 10. Nbd2 Nb6 11. Qc2 O-O-O 12. a3 g5 13. cxd4 Nxd4 14. Nxd4
Qxd4 15. Nf3 Qa4 16. Qc3 Qb3 17. Bd2 Qxc3 18. Bxc3 Na4 19. Rfd1 Bb3 20. Rd2 h5
21. d4 g4 22. Nh4 Bh6 23. d5 Nxc3 0-1

[Event "Skalica Open 2021"]
[Site "Skalica SVK"]
[Date "2021.08.25"]
[Round "5.29"]
[White "Popovic, Martin"]
[Black "Nagyova, Daniela"]
[Result "1-0"]
[WhiteElo "1946"]
[BlackElo "1729"]
[PlyCount "59"]
[EventDate "2021.08.21"]
[EventType "swiss"]
[EventRounds "9"]
[EventCountry "SVK"]
[SourceTitle "The Week in Chess 1399"]
[Source "Mark Crowther"]
[SourceDate "2021.08.30"]
[SourceVersion "3"]
[SourceVersionDate "2021.09.07"]
[SourceQuality "2"]

1. e4 e5 2. Nf3 Nc6 3. c3 Nf6 4. d4 exd4 5. e5 Ne4 6. cxd4 Bb4+ 7. Bd2 Nxd2 8.
Nbxd2 O-O 9. d5 Ne7 10. a3 Bxd2+ 11. Qxd2 d6 12. Bc4 Bg4 13. Ng5 dxe5 14. f3
Bf5 15. g4 Bg6 16. h4 h6 17. Nh3 e4 18. h5 Bh7 19. O-O-O exf3 20. g5 Qd6 21.
Rdg1 Qc5 22. Qc3 b5 23. Rg4 Nf5 24. gxh6 g6 25. Qf6 Qe3+ 26. Kb1 bxc4 27. Ng5
Qd3+ 28. Ka1 Nxh6 29. hxg6 Bxg6 30. Ne6 1-0

[Event "Titled Tuesday 24th Aug"]
[Site "chess.com INT"]
[Date "2021.08.24"]
[Round "6"]
[White "Gottstein, C."]
[Black "Zanette, E."]
[Result "0-1"]
[WhiteElo "2113"]
[BlackElo "2157"]
[PlyCount "60"]
[EventDate "2021.08.24"]
[EventType "swiss (blitz)"]
[EventRounds "11"]
[SourceTitle "The Week in Chess 1399"]
[Source "Mark Crowther"]
[SourceDate "2021.08.30"]
[SourceVersion "3"]
[SourceVersionDate "2021.09.07"]
[SourceQuality "2"]

1. e4 e5 2. Nf3 Nc6 3. c3 d5 4. Qa4 Nf6 5. Nxe5 Bd6 6. Nxc6 bxc6 7. d3 O-O 8.
Be2 Re8 9. Bg5 Rb8 10. b3 h6 11. Bxf6 Qxf6 12. Nd2 Qxc3 13. Rd1 dxe4 14. dxe4
Bf4 15. Qc4 Bxd2+ 16. Rxd2 Qa1+ 17. Rd1 Qxa2 18. O-O Be6 19. Qxc6 Qxe2 20. Qxc7
a6 21. Rfe1 Qb5 22. f4 Qb6+ 23. Qxb6 Rxb6 24. f5 Bxb3 25. Rd7 a5 26. e5 a4 27.
Ra7 Rc8 28. e6 fxe6 29. fxe6 Rxe6 30. Rf1 Re2 0-1

[Event "Titled Tuesday 24th Aug"]
[Site "chess.com INT"]
[Date "2021.08.24"]
[Round "3"]
[White "Gottstein, C."]
[Black "Jodorcovsky, P."]
[Result "1/2-1/2"]
[WhiteElo "2113"]
[BlackElo "2197"]
[PlyCount "34"]
[EventDate "2021.08.24"]
[EventType "swiss (blitz)"]
[EventRounds "11"]
[SourceTitle "The Week in Chess 1399"]
[Source "Mark Crowther"]
[SourceDate "2021.08.30"]
[SourceVersion "3"]
[SourceVersionDate "2021.09.07"]
[SourceQuality "2"]

1. e4 e5 2. Nf3 Nc6 3. c3 Nf6 4. d4 d6 5. Bd3 Bg4 6. Be3 exd4 7. cxd4 d5 8. e5
Ne4 9. O-O Qd7 10. Nbd2 Nxd2 11. Qxd2 Bxf3 12. gxf3 f6 13. f4 Qg4+ 14. Kh1 Qf3+
15. Kg1 Qg4+ 16. Kh1 Qf3+ 17. Kg1 Qg4+ 1/2-1/2

[Event "28th Nikaia Open"]
[Site "Nikaia GRE"]
[Date "2021.08.23"]
[Round "3.8"]
[White "Karagiannis, A."]
[Black "Fragkos, Vasileios"]
[Result "1/2-1/2"]
[WhiteElo "2153"]
[BlackElo "1887"]
[PlyCount "104"]
[EventDate "2021.08.21"]
[EventType "swiss"]
[EventRounds "9"]
[EventCountry "GRE"]
[SourceTitle "The Week in Chess 1399"]
[Source "Mark Crowther"]
[SourceDate "2021.08.30"]
[SourceVersion "3"]
[SourceVersionDate "2021.09.07"]
[SourceQuality "2"]

1. e4 e5 2. Nf3 Nc6 3. c3 d5 4. Qa4 dxe4 5. Nxe5 Bd7 6. Nxd7 Qxd7 7. Qxe4+ Be7
8. Bb5 Nf6 9. Bxc6 Nxe4 10. Bxd7+ Kxd7 11. d3 Nc5 12. d4 Ne4 13. Nd2 Nd6 14.
O-O Rhc8 15. Nf3 f6 16. Bf4 Nf7 17. h4 a5 18. Rfe1 Ra6 19. Re2 Bd6 20. Bxd6
Nxd6 21. Rae1 Re8 22. Rxe8 Nxe8 23. Nd2 a4 24. Ne4 b6 25. c4 Ra5 26. g3 h6 27.
Kg2 f5 28. Nd2 Nd6 29. h5 Ra8 30. Re5 Rf8 31. f4 Rf6 32. c5 Nf7 33. Re3 bxc5
34. dxc5 Rc6 35. Rc3 Re6 36. Kf2 Kc6 37. Nc4 Rf6 38. b4 axb3 39. axb3 Kxc5 40.
Ne5+ Kd4 41. Rxc7 Nxe5 42. fxe5 Kxe5 43. Rxg7 Rb6 44. Re7+ Kf6 45. Re3 Kg5 46.
Ke2 Kxh5 47. Kd2 Kg5 48. Kc3 h5 49. b4 h4 50. gxh4+ Kxh4 51. Kc4 f4 52. Rb3 Kg4
1/2-1/2

[Event "Titled Tuesday 3rd Aug"]
[Site "chess.com INT"]
[Date "2021.08.03"]
[Round "9"]
[White "Cagara, P."]
[Black "Nilsson, Joakim 2000"]
[Result "1/2-1/2"]
[WhiteElo "2027"]
[BlackElo "2216"]
[PlyCount "141"]
[EventDate "2021.08.03"]
[SourceTitle "The Week in Chess 1396"]
[Source "Mark Crowther"]
[SourceDate "2021.08.13"]
[SourceVersion "2"]
[SourceVersionDate "2021.08.13"]
[SourceQuality "2"]

1. e4 e5 2. Nf3 Nc6 3. c3 Nf6 4. d4 Nxe4 5. d5 Bc5 6. dxc6 Bxf2+ 7. Ke2 Bb6 8.
Qd5 O-O 9. Qxe4 d5 10. Qh4 e4 11. Qxd8 exf3+ 12. Kxf3 Rxd8 13. Bb5 h5 14. Bg5
Bg4+ 15. Kg3 f6 16. Bd2 d4 17. h3 Be6 18. Na3 h4+ 19. Kh2 Bc5 20. b4 Bd6+ 21.
Kg1 dxc3 22. Bxc3 bxc6 23. Bxc6 Rab8 24. Nb5 Bf4 25. Kf2 Bg3+ 26. Ke3 Bc4 27.
Nd4 g5 28. Rhd1 Bf4+ 29. Kf3 Bf7 30. Kf2 Rd6 31. b5 Rbd8 32. Bf3 Be5 33. Nf5
Rxd1 34. Rxd1 Rxd1 35. Bxe5 Rd2+ 36. Ke3 Rxa2 37. Bxf6 Ra3+ 38. Kf2 Be6 39. Nd4
Bc4 40. Bxg5 Ra2+ 41. Ke3 Ra5 42. Bc6 Ra3+ 43. Kf4 Rd3 44. Nf5 Kf7 45. Kg4 Be6
46. Kf4 Rc3 47. Nh6+ Kg6 48. Ng4 Rc4+ 49. Be4+ Rxe4+ 50. Kxe4 Kxg5 51. Ne5 Kf6
52. Nf3 Bd7 53. Nd4 Ke7 54. Kd5 Be8 55. Nc6+ Kd7 56. Nxa7 Ke7 57. Nc6+ Kd7 58.
Ne5+ Ke7 59. Nf3 Bxb5 60. Nxh4 Bf1 61. Nf5+ Kf6 62. Ne3 Bd3 63. h4 Kg6 64. g4
Be2 65. Ke5 Bxg4 66. Nxg4 Kh5 67. Ne3 Kxh4 68. Nd5 c5 69. Nc3 Kg4 70. Kd5 Kf3
71. Kxc5 1/2-1/2

[Event "Titled Tuesday 3rd Aug"]
[Site "chess.com INT"]
[Date "2021.08.03"]
[Round "6"]
[White "Terry, R."]
[Black "Krishnakumar, Sriram"]
[Result "1-0"]
[WhiteElo "2504"]
[BlackElo "2026"]
[PlyCount "109"]
[EventDate "2021.08.03"]
[SourceTitle "The Week in Chess 1396"]
[Source "Mark Crowther"]
[SourceDate "2021.08.13"]
[SourceVersion "2"]
[SourceVersionDate "2021.08.13"]
[SourceQuality "2"]

1. e4 e5 2. Nf3 Nc6 3. c3 d5 4. Qa4 f6 5. Bb5 Nge7 6. exd5 Qxd5 7. d4 e4 8.
Nfd2 a6 9. Be2 Bd7 10. Qb3 Qxb3 11. axb3 f5 12. b4 Ng6 13. b5 Nb8 14. Nb3 Bd6
15. g3 O-O 16. N1d2 Be6 17. Bc4 Bxc4 18. Nxc4 Nd7 19. bxa6 Rxa6 20. Rxa6 bxa6
21. Nba5 Nb6 22. Be3 f4 23. gxf4 Nxf4 24. Nxb6 cxb6 25. Bxf4 Bxf4 26. Nc4 b5
27. Ne3 Kf7 28. Ke2 Ke6 29. Ra1 Ra8 30. h3 g5 31. Ng2 Kd5 32. h4 h6 33. hxg5
hxg5 34. Ne3+ Ke6 35. b3 a5 36. c4 bxc4 37. bxc4 a4 38. Nc2 Bd6 39. c5 Bf4 40.
Nb4 Kd7 41. Nd5 Ra6 42. Nc3 a3 43. Nxe4 Kc6 44. Nc3 a2 45. Rxa2 Rxa2+ 46. Nxa2
Kd5 47. Kd3 Bc7 48. Nc3+ Kc6 49. Kc4 Bf4 50. d5+ Kc7 51. Ne4 g4 52. Nf6 g3 53.
fxg3 Bxg3 54. Kb5 Bh2 55. d6+ 1-0

[Event "Titled Tuesday 3rd Aug"]
[Site "chess.com INT"]
[Date "2021.08.03"]
[Round "2"]
[White "Cagara, P."]
[Black "Goltseva, Ekaterina"]
[Result "1-0"]
[WhiteElo "2027"]
[BlackElo "2292"]
[PlyCount "101"]
[EventDate "2021.08.03"]
[SourceTitle "The Week in Chess 1396"]
[Source "Mark Crowther"]
[SourceDate "2021.08.13"]
[SourceVersion "2"]
[SourceVersionDate "2021.08.13"]
[SourceQuality "2"]

1. e4 e5 2. Nf3 Nc6 3. c3 d5 4. Qa4 Nge7 5. Nxe5 Qd6 6. Nxc6 bxc6 7. Be2 Bd7 8.
O-O c5 9. Qc2 dxe4 10. Qxe4 Bc6 11. Qg4 h5 12. Qg3 Nf5 13. Qh3 Bd7 14. Qd3 Qg6
15. Qe4+ Be7 16. Qxa8+ Bd8 17. Qe4+ Be7 18. d4 O-O 19. d5 c6 20. c4 Re8 21. Bd3
Bf6 22. Qf3 cxd5 23. cxd5 Bd4 24. Nc3 c4 25. Bxf5 Bxf5 26. Bf4 Bg4 27. Qg3 Qc2
28. Rae1 Rd8 29. h3 Bf5 30. Be5 Bxe5 31. Rxe5 Bd3 32. Rfe1 Qxb2 33. Re8+ Rxe8
34. Rxe8+ Kh7 35. Ne4 f6 36. Nxf6+ Qxf6 37. Kh2 Qd4 38. Re5 Bg6 39. Rg5 Qf6 40.
d6 c3 41. Rc5 c2 42. a4 h4 43. Qc3 Qxd6+ 44. g3 hxg3+ 45. fxg3 Qd1 46. Rc7 Qe2+
47. Kg1 Qd1+ 48. Kf2 Kh6 49. Qxg7+ Kg5 50. Qe5+ Kh6 51. Qf4+ 1-0

[Event "100th ch-IRL 2021"]
[Site "Dublin IRL"]
[Date "2021.08.02"]
[Round "3.1"]
[White "Heidenfeld, M."]
[Black "Murphy, Conor E"]
[Result "1-0"]
[WhiteElo "2360"]
[BlackElo "2394"]
[PlyCount "91"]
[EventDate "2021.07.31"]
[SourceTitle "The Week in Chess 1396"]
[Source "Mark Crowther"]
[SourceDate "2021.08.13"]
[SourceVersion "2"]
[SourceVersionDate "2021.08.13"]
[SourceQuality "2"]

1. e4 e5 2. Nf3 Nc6 3. c3 Nf6 4. d4 Nxe4 5. d5 Bc5 6. dxc6 Bxf2+ 7. Ke2 Bb6 8.
Qd5 Nf2 9. cxb7 Bxb7 10. Qxb7 Nxh1 11. Bg5 f6 12. Be3 Rb8 13. Qa6 O-O 14. Nbd2
d5 15. Nb3 f5 16. g3 f4 17. gxf4 exf4 18. Bd4 Qe7+ 19. Kd2 Bxd4 20. Nfxd4 Rbe8
21. Qc6 Qe5 22. Kc2 Nf2 23. Nd2 Rf6 24. Qd7 c5 25. Bb5 Rff8 26. N4f3 Qe6 27.
Rg1 Qxd7 28. Bxd7 Re3 29. Rg5 Ne4 30. Rxd5 Nxd2 31. Nxd2 f3 32. Bb5 f2 33. Bc4
Kh8 34. Bf1 Re1 35. Rxc5 g6 36. Rd5 Ra1 37. Ra5 Re8 38. Rxa7 Ree1 39. Rf7 Rac1+
40. Kd3 Rxf1 41. Nxf1 Rxf1 42. Ke3 Ra1 43. Rxf2 Rxa2 44. c4 Kg7 45. c5 Ra4 46.
Kd3 1-0

[Event "IXX Closed IM Barcelona"]
[Site "Barcelona ESP"]
[Date "2021.08.01"]
[Round "5.1"]
[White "Exposito Amaro, J."]
[Black "Lianes Garcia, Marcos"]
[Result "0-1"]
[WhiteElo "2268"]
[BlackElo "2395"]
[PlyCount "68"]
[EventDate "2021.07.28"]
[SourceTitle "The Week in Chess 1395"]
[Source "Mark Crowther"]
[SourceDate "2021.08.02"]
[SourceVersion "1"]
[SourceVersionDate "2021.08.02"]
[SourceQuality "2"]

1. e4 e5 2. Nf3 Nc6 3. c3 d5 4. Qa4 f6 5. d3 Nge7 6. Be2 Be6 7. Be3 a6 8. O-O
Qd7 9. Na3 Rd8 10. Rfe1 Kf7 11. Qc2 d4 12. cxd4 exd4 13. Bf4 Ng6 14. Bg3 h5 15.
h4 Bd6 16. Nc4 Bxg3 17. fxg3 b5 18. Ncd2 Nce5 19. Rac1 Rc8 20. Qc5 Rhd8 21.
Nxe5+ Nxe5 22. Bxh5+ g6 23. Be2 Bg4 24. Qa3 Bxe2 25. Rxe2 Qg4 26. Rf2 Qxg3 27.
Nf1 Qxd3 28. Qxa6 c6 29. Qb7+ Ke6 30. Qg7 Rf8 31. Qb7 Qxe4 32. Nd2 Qe3 33. Nb3
Kd6 34. Nc5 Qxc1+ 0-1

[Event "chess.com Junior Speed"]
[Site "chess.com INT"]
[Date "2021.07.31"]
[Round "2.37"]
[White "Yoo, Christopher Woojin"]
[Black "Sadhwani, Raunak"]
[Result "0-1"]
[WhiteElo "2479"]
[BlackElo "2555"]
[PlyCount "26"]
[EventDate "2021.07.01"]
[EventType "k.o."]
[SourceTitle "The Week in Chess 1396"]
[Source "Mark Crowther"]
[SourceDate "2021.08.13"]
[SourceVersion "2"]
[SourceVersionDate "2021.08.13"]
[SourceQuality "2"]

1. e4 e5 2. Nf3 Nc6 3. c3 d5 4. Qa4 f6 5. d3 Be6 6. Be2 Bc5 7. b4 Bb6 8. O-O a6
9. exd5 Bxd5 10. c4 Bxf3 11. Bxf3 Bd4 12. Bxc6+ bxc6 13. Qxc6+ Kf7 0-1

[Event "Titled Tuesday 27th July"]
[Site "chess.com INT"]
[Date "2021.07.27"]
[Round "11"]
[White "Cagara, P."]
[Black "Zemerov, V."]
[Result "0-1"]
[WhiteElo "2027"]
[BlackElo "2268"]
[PlyCount "70"]
[EventDate "2021.07.27"]
[SourceTitle "The Week in Chess 1395"]
[Source "Mark Crowther"]
[SourceDate "2021.08.02"]
[SourceVersion "1"]
[SourceVersionDate "2021.08.02"]
[SourceQuality "2"]

1. e4 e5 2. Nf3 Nc6 3. c3 d6 4. d4 Bd7 5. Bd3 g6 6. O-O Bg7 7. d5 Nb8 8. Bg5 f6
9. Be3 h6 10. c4 f5 11. Qc2 f4 12. Bd2 g5 13. c5 Nf6 14. cxd6 cxd6 15. Rc1 Na6
16. Bxa6 bxa6 17. Nc3 O-O 18. Qd3 Ne8 19. b4 g4 20. Ne1 h5 21. b5 axb5 22. Nxb5
a6 23. Na3 f3 24. g3 h4 25. Nc4 Bb5 26. Qe3 hxg3 27. hxg3 Qf6 28. Qg5 Qxg5 29.
Bxg5 Bf6 30. Be3 Kg7 31. a4 Bxc4 32. Rxc4 Kg6 33. Nd3 Rh8 34. Ne1 Rd8 35. Rac1
Rd7 0-1

[Event "Titled Tuesday 27th July"]
[Site "chess.com INT"]
[Date "2021.07.27"]
[Round "9"]
[White "Cagara, P."]
[Black "Gonzalez, Francisco Silva"]
[Result "0-1"]
[WhiteElo "2027"]
[BlackElo "2049"]
[PlyCount "122"]
[EventDate "2021.07.27"]
[SourceTitle "The Week in Chess 1395"]
[Source "Mark Crowther"]
[SourceDate "2021.08.02"]
[SourceVersion "1"]
[SourceVersionDate "2021.08.02"]
[SourceQuality "2"]

1. e4 e5 2. Nf3 Nc6 3. c3 d6 4. d4 f6 5. Bd3 Nge7 6. O-O Ng6 7. h3 Be7 8. d5
Nb8 9. c4 c6 10. Nc3 O-O 11. b4 f5 12. Ba3 a5 13. bxa5 Rxa5 14. Bb4 Ra8 15.
exf5 Bxf5 16. Bxf5 Rxf5 17. Qc2 Rxf3 18. gxf3 Qd7 19. Qe4 Qxh3 20. Qg4 Qxg4+
21. fxg4 c5 22. a3 Nd7 23. Nb5 cxb4 24. axb4 Rc8 25. Ra7 Rxc4 26. f3 Rxb4 27.
Rxb7 Nc5 28. Rb8+ Nf8 29. Ra1 e4 30. fxe4 Nxe4 31. Ra7 Bf6 32. Kg2 Rb3 33. Raa8
Be7 34. Nd4 Rg3+ 35. Kh2 Rxg4 36. Nf5 Kf7 37. Nxe7 Ng6 38. Nxg6 Kxg6 39. Re8
Nf6 40. Re7 Nxd5 41. Rd7 Nf6 42. Rxd6 h5 43. Kh3 Kh6 44. Rh8+ Kg6 45. Ra8 Kg5
46. Ra7 Kg6 47. Raa6 Kh6 48. Ra7 Rg6 49. Ra8 Kh7 50. Rdd8 Kh6 51. Rh8+ Kg5 52.
Ra5+ Kf4 53. Rf8 Kf3 54. Rxh5 Rg3+ 55. Kh2 Rg2+ 56. Kh1 Rg4 57. Rf5+ Kg3 58.
R8xf6 Rh4+ 59. Kg1 gxf6 60. Rxf6 Rc4 61. Rh6 Rc1# 0-1

[Event "Titled Tuesday 27th July"]
[Site "chess.com INT"]
[Date "2021.07.27"]
[Round "9"]
[White "Slavin, A."]
[Black "Miranda, Rafael"]
[Result "0-1"]
[WhiteElo "2364"]
[BlackElo "2284"]
[PlyCount "116"]
[EventDate "2021.07.27"]
[SourceTitle "The Week in Chess 1395"]
[Source "Mark Crowther"]
[SourceDate "2021.08.02"]
[SourceVersion "1"]
[SourceVersionDate "2021.08.02"]
[SourceQuality "2"]

1. e4 e5 2. Nf3 Nc6 3. c3 Nf6 4. d4 exd4 5. e5 Nd5 6. Bc4 Nb6 7. Bb3 d6 8. cxd4
dxe5 9. Ng5 Bb4+ 10. Nc3 Nxd4 11. Bxf7+ Kf8 12. O-O Be7 13. Qh5 Bf5 14. Be3
Bxg5 15. Bxg5 Qd7 16. Bb3 Re8 17. Rfe1 h6 18. Be3 g6 19. Qd1 Kg7 20. Ne2 c5 21.
Ng3 Bg4 22. f3 Be6 23. Bxe6 Rxe6 24. Ne4 Qe7 25. b3 Nd5 26. Bf2 b6 27. h4 Nf6
28. Bxd4 exd4 29. Nxf6 Rxe1+ 30. Qxe1 Qxe1+ 31. Rxe1 Kxf6 32. Kf2 Rc8 33. Re4
h5 34. g4 b5 35. Ke2 Rc6 36. Kd3 Ra6 37. Re2 Ra3 38. Rc2 c4+ 39. Kxd4 cxb3 40.
axb3 Rxb3 41. Rc6+ Kf7 42. Ra6 hxg4 43. Rxa7+ Kf6 44. fxg4 Rb4+ 45. Kc5 Rxg4
46. Kxb5 Rxh4 47. Kc5 Re4 48. Kd5 Re1 49. Ra3 g5 50. Kd4 g4 51. Rg3 Kf5 52. Ra3
Kf4 53. Rb3 g3 54. Rb8 g2 55. Rf8+ Kg3 56. Rg8+ Kf2 57. Rf8+ Ke2 58. Re8+ Kd2
0-1

[Event "Titled Tuesday 27th July"]
[Site "chess.com INT"]
[Date "2021.07.27"]
[Round "9"]
[White "Legenia, Artem"]
[Black "Demeter, Dorina"]
[Result "0-1"]
[WhiteElo "2144"]
[BlackElo "2039"]
[PlyCount "82"]
[EventDate "2021.07.27"]
[SourceTitle "The Week in Chess 1395"]
[Source "Mark Crowther"]
[SourceDate "2021.08.02"]
[SourceVersion "1"]
[SourceVersionDate "2021.08.02"]
[SourceQuality "2"]

1. e4 e5 2. Nf3 Nc6 3. c3 d5 4. Qa4 f6 5. Bb5 Nge7 6. exd5 Qxd5 7. d4 Qe4+ 8.
Kf1 a6 9. Nbd2 Qg6 10. dxe5 Bf5 11. Bxc6+ Nxc6 12. h4 Bd3+ 13. Kg1 O-O-O 14. h5
Qf5 15. exf6 gxf6 16. Nb3 Rg8 17. Qf4 Qd5 18. Rh3 Ne5 19. Nbd4 c5 20. Nf5 Rg4
21. Qe3 Bxf5 22. Rg3 Nxf3+ 23. gxf3 Qd1+ 24. Kg2 Rxg3+ 25. fxg3 Qc2+ 26. Qf2
Qxf2+ 27. Kxf2 Rd1 28. b3 Rd3 29. Bb2 Rd2+ 30. Ke3 Rxb2 31. Rd1 Bh6+ 32. f4 Kc7
33. b4 Bd7 34. bxc5 Rc2 35. Rd3 Rxa2 36. g4 Ra5 37. Kd4 Ra4+ 38. c4 Ra1 39. Re3
Bxf4 40. Re7 Be5+ 41. Kd5 Rd1+ 0-1

[Event "Titled Tuesday 27th July"]
[Site "chess.com INT"]
[Date "2021.07.27"]
[Round "7"]
[White "Cagara, P."]
[Black "Marchena Hurtado, J."]
[Result "1-0"]
[WhiteElo "2027"]
[BlackElo "2350"]
[PlyCount "97"]
[EventDate "2021.07.27"]
[SourceTitle "The Week in Chess 1395"]
[Source "Mark Crowther"]
[SourceDate "2021.08.02"]
[SourceVersion "1"]
[SourceVersionDate "2021.08.02"]
[SourceQuality "2"]

1. e4 e5 2. Nf3 Nc6 3. c3 Nf6 4. d4 exd4 5. e5 Nd5 6. cxd4 Bb4+ 7. Bd2 Bxd2+ 8.
Nbxd2 d6 9. Bb5 O-O 10. O-O Bg4 11. Qb3 Nce7 12. Bc4 c6 13. Rfe1 Rb8 14. Ne4
Bxf3 15. Qxf3 dxe5 16. dxe5 Qb6 17. Bb3 Qd4 18. Nd6 Qxb2 19. Qg4 Qa3 20. Rad1
Qb4 21. Re4 Qc5 22. Rc4 Qa3 23. Ra4 Qc5 24. Ne4 Qb5 25. Nf6+ Kh8 26. Nd7 Nc3
27. Rb4 Qe2 28. Qxe2 Nxe2+ 29. Kf1 Nc3 30. Rd3 Ncd5 31. Bxd5 Nxd5 32. Rbb3 Rfe8
33. Nxb8 Rxb8 34. g3 Kg8 35. f4 Kf8 36. Ke2 Ke7 37. Kf3 f5 38. exf6+ Kxf6 39.
g4 b5 40. a4 a6 41. axb5 axb5 42. Rd4 Ra8 43. Ke4 Ra1 44. Rxd5 cxd5+ 45. Kxd5
Ra2 46. h4 Rf2 47. Ke4 Re2+ 48. Kf3 Rg2 49. Kxg2 1-0